Statistiken für Österreichische Meister

Klicken Sie hier um das Quiz zu spielen!

Allgemein

  • Dieses Quiz wurde 374 mal gespielt
    (312 seit der letzten Aktualisierung)
  • Das Durchschnittsergebnis liegt bei 9 aus 15

Antwortstatistiken

Anzahl der TitelVerein% Korrekt
15FC Red Bull Salzburg
100%
24FK Austria Wien
99%
32SK Rapid Wien
99%
3SK Sturm Graz
90%
10FC Wacker Innsbruck
82%
1LASK
73%
1Grazer AK
63%
9FC Admira Wacker Mödling
58%
6First Vienna FC 1894
56%
4Wiener AC
48%
3Wiener Sport-Club
35%
1Floridsdorfer AC
29%
1SK VÖEST Linz
14%
1SC Hakoah Wien
8%
1Wiener AF
3%

Verteilung der Resultate

Perzentil nach korrekt beantworteten Fragen

Anzahl Personen mit jedem Resultat

Ihre Resultats-Entwicklung

Sie haben dieses Quiz seit der letzten Aktualisierung nicht gespielt